Statystyki dla Trasa Warszawskiej linii autobusowej 204

Kliknij tutaj aby rozwiązać quiz!

Ogólne statystyki

  • Ten quiz został rozwiązany 8 razy
  • Średni wynik to 25 z 28

Statystyki odpowiedzi

DzielnicaPrzystanek% Poprawnych
BiałołękaBerensona
100%
BiałołękaBerensona-Kanał
100%
BiałołękaBohuna
100%
BiałołękaDanusi
100%
BiałołękaGrodzisk
100%
BiałołękaGrodzisk
100%
BiałołękaGrodzisk
100%
BiałołękaGryfitów
100%
BiałołękaJuranda ze Spychowa
100%
BiałołękaJuranda ze Spychowa-Szkoła
100%
BiałołękaKąty Grodziskie
100%
Białołęka / TargówekKopijników
100%
BiałołękaPrzydrożna
100%
BiałołękaSkarbka z Gór
100%
BiałołękaSkarbka z Gór
100%
TargówekTurmoncka
100%
BiałołękaChudoby
75%
BiałołękaEcha Leśne
75%
BiałołękaInternetowa
75%
TargówekKlub Sportowy Polonez
75%
TargówekMetro Bródno
75%
TargówekMetro Bródno
75%
BiałołękaOknicka
75%
BiałołękaOsiedle Lewandów II
75%
TargówekSuwalska
75%
BiałołękaWielkiego Dębu
75%
BiałołękaZbyszka z Bogdańca
75%
BiałołękaKamykowa
50%

Rozkład punktacji

Percentyl według liczby udzielonych odpowiedzi

Procent ludzi z każdym wynikiem

Twoja historia wyników

Nie rozwiązałeś tego quizu